000 00297nam a22001217a 4500
008 180504b xxu||||| |||| 00| 0 eng d
041 _aeng
080 _a043.3
100 _a0
101 _aARK-BTH
245 _aObjektet e banimit- Villa dhe Rezidencat Vilë luksoze
_cMekuli,B
942 _2udc
_cBK
999 _c45666
_d45666